| 000 | 01097nam a2200253 a 4500 | ||
|---|---|---|---|
| 001 | 54915 | ||
| 003 | BD-RjUL | ||
| 005 | 20211209080205.0 | ||
| 008 | 161112b1972 ii ||||| |||| 00| 0 ben d | ||
| 035 | _a(BD-RjUL)55037 | ||
| 040 |
_aBD-RjUL _bben _cBD-RjUL |
||
| 041 | _aben | ||
| 082 |
_223 _a621.3 _bBHA 1972 |
||
| 100 |
_aগঙ্গোপাধ্যায়, শিবপ্রসাদ _9163704 |
||
| 245 | 1 | 0 |
_aএ. সি. মেশিন / _cশিবপ্রসাদ গঙ্গোপাধ্যায়, সুধাংশু সমাদ্দার |
| 260 |
_aকলিকাতা : _bনিউ সেন্ট্রাল বুক এজেন্সী, _c১৯৭২ (১৩৭৯). |
||
| 300 |
_aখন্ড. : _bচিত্র ; _c২৩ সেমি. |
||
| 500 | _aনির্ঘন্ট সংযুক্ত | ||
| 505 | _aখন্ড. ১. -- | ||
| 650 |
_aইলেকট্রিক যন্ত্রপাতি _9163705 |
||
| 650 |
_aElectric machinery _9158127 |
||
| 700 |
_aসমাদ্দার, সুধাংশু _9163706 |
||
| 942 |
_2ddc _cBK |
||
| 999 |
_c54915 _d54915 |
||